00655pam a2200193 a 4500020001500000041000800015082001600023100002200039245002700061250001200088260004300100300002800143650002000171856006200191856005400253942000700307952013000314999001700444 a0070060029 aENG00a300.72bBAK1 aBaker, Therese L.10aDoing social research  a3rd ed. aBoston :bMcGraw-Hill College,cc1999. axxiii, 528 p. :bill. ; 0aSocial sciences42uhttp://www.loc.gov/catdir/description/mh023/98003563.html41uhttp://www.loc.gov/catdir/toc/mh022/98003563.html cBK 00104070aHMIbHMIcGENd2021-10-14eShah Book Houseg1095.00l2o300.72 BAKp25845r2023-02-06s2022-03-16w2021-10-14yBK c23151d23151